000 01018nas a2200337 4500
001 BR2012007320
003 BR-BrBNA
005 20231205121237.0
007 ta
008 230509b bl.|||p| |||| 00| 00por d
040 _aBR-BrBNA
_bpor
_cBiblioteca Nacional de Agricultura
041 _a(Pt)
072 _aF40
100 1 _aTanaka, H.S.
100 1 _aMantovani, T.R.D.
100 1 _aGeromini, K.V.N.
100 1 _aUmeo, S.H.
100 1 _aZaghi Junior, L.L
100 1 _aLinde, G.A.
100 1 _aColauto, N.B.
245 1 _aViabilidade de Agaricus blazei em diferentes condições de preservação
650 _aCOGUMELO DO SOL
650 _aAGARICUS BLAZEI
650 _aPLANTA MEDICINAL
650 _aREFRIGERAÇÃO
650 _aTEMPERATURA
650 _aBIOTECNOLOGIA
773 0 _tArquivos de Ciências Veterinárias e Zoologia da UNIPAR (Brazil)
_xISSN 1415-8167
_g(Jan-Jun 2012), v. 14(1) p. 13-17
_wBR2012007320
909 _a202311
_bLúcia
_c55
_dLúcia Elande
942 _2AGRIS
_n0
_cANA
999 _c222524
_d222524